Treasures of Knowledge/ (Record no. 212526)
[ view plain ]
| 000 -LEADER | |
|---|---|
| fixed length control field | 00755nam a22002297a 4500 |
| 005 - DATE AND TIME OF LATEST TRANSACTION | |
| control field | 20250724111913.0 |
| 010 ## - LCCN (DPL NO) | |
| LC control number | ENG-146115-117 |
| 020 ## - INTERNATIONAL STANDARD BOOK NUMBER | |
| International Standard Book Number | 9789364440974 |
| Terms of availability | 10000.00(Set of 3 Vol) |
| 035 ## - SYSTEM CONTROL NUMBER | |
| System control number | EN-129647-649 |
| 037 ## - SOURCE OF ACQUISITION | |
| Source of stock number/acquisition | DBAD |
| 082 14 - DEWEY DECIMAL CLASSIFICATION NUMBER | |
| Classification number | 181.493 |
| Edition number | 4 |
| 100 ## - MAIN ENTRY--PERSONAL NAME | |
| Personal name | Dattamajumdar,Satarupa |
| 245 ## - TITLE STATEMENT | |
| Title | Treasures of Knowledge/ |
| Statement of responsibility, etc | Compiled by Sujata Mishra |
| 250 ## - EDITION STATEMENT | |
| Edition statement | 1 |
| 260 ## - PUBLICATION, DISTRIBUTION, ETC. (IMPRINT) | |
| Place of publication, distribution, etc | Kolkata |
| Name of publisher, distributor, etc | The Asiatic Society |
| Date of publication, distribution, etc | 2024 |
| 270 ## - ADDRESS | |
| Address | 1, Park Street |
| City | Kolkata |
| State or province | West Bengal |
| Postal code | 700 016 |
| 300 ## - PHYSICAL DESCRIPTION | |
| Extent | xiv,1571p. |
| Dimensions | 24cm (Hb) |
| 490 ## - SERIES STATEMENT | |
| Volume number/sequential designation | 1,2,3 |
| 500 ## - GENERAL NOTE | |
| General note | The Academic Transactions in the Asiatic Society upto Pre-Independence Period |
| 700 ## - ADDED ENTRY--PERSONAL NAME | |
| Personal name | Mishra, Sujata |
| Relator term | Compilor |
| 9 (RLIN) | 83227 |
| 942 ## - ADDED ENTRY ELEMENTS (KOHA) | |
| Item type | English Books |
| Source of classification or shelving scheme | Dewey Decimal Classification |
| Call number suffix | TRE |
| Classification part | 181.493 |
| Withdrawn status | Lost status | Materials specified (bound volume or other part) | Not for loan | Collection code | Home library | Current library | Date acquired | Source of acquisition | Cost, normal purchase price | Full call number | Barcode | Copy number | Cost, replacement price | Koha item type |
|---|---|---|---|---|---|---|---|---|---|---|---|---|---|---|
| VOL-1 | Not For Loan | Reference | Central Library | Central Library | 24/07/2025 | Delivery of Books Act Division | 3334.00 | TRE 181.493 | EN-129647 | 1 | 3334.00 | English Books | ||
| VOL-2 | Not For Loan | Reference | Central Library | Central Library | 24/07/2025 | Delivery of Books Act Division | 3334.00 | TRE 181.493 | EN-129648 | 1 | 3334.00 | English Books | ||
| VOL-3 | Not For Loan | Reference | Central Library | Central Library | 24/07/2025 | Delivery of Books Act Division | 3334.00 | TRE 181.493 | EN-129649 | 1 | 3334.00 | English Books |
